Análisis y aplicación del arbitrio de radiación / (Record no. 121182)

MARC details
000 -LEADER
campo de control de longitud fija 00550nam a2200169 4500
001 - NÚMERO DE CONTROL
campo de control 121182
003 - IDENTIFICADOR DE NÚMERO DE CONTROL
campo de control ES-MaACL
005 - FECHA Y HORA DE LA ÚLTIMA TRANSACCIÓN
campo de control 20230906191715.0
007 - CAMPO FIJO DE DESCRIPCIÓN FÍSICA--INFORMACIÓN GENERAL
campo de control de longitud fija t|
008 - DATOS DE LONGITUD FIJA--INFORMACIÓN GENERAL
campo de control de longitud fija 070214s1963 sp r ||||1| spa d
100 1# - ENTRADA PRINCIPAL--NOMBRE DE PERSONA
Nombre de persona Pont Mestres, Magin.
9 (RLIN) 93043
245 10 - MENCIÓN DEL TÍTULO
Título Análisis y aplicación del arbitrio de radiación /
Mención de responsabilidad, etc. Magín Pont Mestres, Antonio Lancuentra Buerba.
260 ## - PUBLICACIÓN, DISTRIBUCIÓN, ETC.
Lugar de publicación, distribución, etc. Barcelona :
Nombre del editor, distribuidor, etc. Linomonograph,
Fecha de publicación, distribución, etc. 1963.
300 ## - DESCRIPCIÓN FÍSICA
Extensión 132 p. ;
Dimensiones 24 cm +
Material acompañante/anejo 2 maps.
700 1# - ENTRADA AGREGADA--NOMBRE PERSONAL
Nombre de persona Lancuentra Buerba, Antonio.
9 (RLIN) 69909
852 ## - LOCALIZACIÓN
Ubicación ES-MaACL
Número de control de estantería C-26290
Sublocalización o colección R.51628
Holdings
Estatus retirado Estado de pérdida Estado de daño No para préstamo Biblioteca de origen Biblioteca actual Ubicación en estantería Fecha de adquisición Fuente de adquisición Total de préstamos Signatura topográfica completa Código de barras Visto por última vez Precio de reemplazo Tipo de ítem Koha
        Biblioteca del Ateneo de Madrid Biblioteca del Ateneo de Madrid Depósito 2 17/01/2008     C-26290 1126295 23/02/2023 23/02/2023 Libro impreso